[Event "BCF-chT3 1415 (4NCL)"]
[Site "England"]
[Date "2015.03.21"]
[Round "8.99"]
[White "Cawley, Paul F"]
[Black "Henbest, Kevin B"]
[Result "1-0"]
[WhiteElo "2070"]
[BlackElo "1680"]
[PlyCount "97"]
[EventDate "2015.03.21"]
[EventType "team-swiss"]
[EventRounds "11"]
[EventCountry "ENG"]
[SourceTitle "EXT 2016"]
[Source "ChessBase"]
[SourceDate "2015.10.08"]
[SourceVersion "1"]
[SourceVersionDate "2015.10.08"]
[SourceQuality "1"]
[WhiteTeam "Manchester Manticores"]
[BlackTeam "Oxford III"]
[WhiteTeamCountry "ENG"]
[BlackTeamCountry "ENG"]

1. d4 Nf6 2. Bf4 c5 3. e3 cxd4 4. exd4 Qb6 5. Nc3 g6 6. Rb1 d5 7. Nb5 Na6 8. a4 Bg7 9. Nf3 Bg4 10. Be2 0-0 11. 0-0 Nd7 12. Qd2 Rfc8 13. Rbc1 Bf5 14. Nh4 Be6 15. c3 Nf6 16. h3 Ne8 17. Nf3 Nac7 18. Nxc7 Nxc7 19. Ne5 Ne8 20. Nd3 f5 21. Rfe1 Nf6 22. f3 Nh5 23. Bh2 Rf8 24. Bd1 Rae8 25. a5 Qc6 26. Nc5 Bc8 27. Ba4 Qf6 28. Bxe8 Rxe8 29. Nd3 Qh4 30. Qf2 Qg5 31. h4 Qh6 32. c4 g5 33. cxd5 gxh4 34. d6 Be6 35. d5 Bd7 36. Rc7 Nf6 37. Rxe7 Rxe7 38. dxe7 Bb5 39. Rc8+ Ne8 40. Bf4 Qh5 41. Ne5 h3 42. d6 h2+ 43. Kh1 Bxe5 44. Bxe5 Kf7 45. Qc5 Bf1 46. Qd5+ Kg6 47. Qg8+ Kh6 48. Bf4+ Qg5 49. Qxg5# 1-0

[Event "BCF-chT3N 1415 (4NCL)"]
[Site "England"]
[Date "2015.02.15"]
[Round "6.58"]
[White "Cawley, Paul F"]
[Black "Waters, Clive L"]
[Result "0-1"]
[WhiteElo "2042"]
[BlackElo "2137"]
[PlyCount "92"]
[EventDate "2014.11.15"]
[EventType "team-swiss"]
[EventRounds "6"]
[EventCountry "ENG"]
[SourceTitle "EXT 2016"]
[Source "ChessBase"]
[SourceDate "2015.10.08"]
[SourceVersion "1"]
[SourceVersionDate "2015.10.08"]
[SourceQuality "1"]
[WhiteTeam "Manchester Manticores"]
[BlackTeam "North East England"]
[WhiteTeamCountry "ENG"]
[BlackTeamCountry "ENG"]

1. d4 Nf6 2. Bf4 c6 3. Nc3 d5 4. e3 Bf5 5. Nf3 e6 6. h3 Bb4 7. Bd3 Ne4 8. Bxe4 Bxe4 9. 0-0 Bg6 10. Ne2 Nd7 11. Bg3 0-0 12. Nf4 Bf5 13. Nh4 Be4 14. f3 Bg6 15. Nhxg6 hxg6 16. Nd3 Be7 17. Qe1 c5 18. c3 Qb6 19. Rb1 Qa6 20. Nc1 Bd6 21. Kh2 Bxg3+ 22. Kxg3 e5 23. dxe5 Nxe5 24. Kh2 Rfe8 25. Qf2 Rad8 26. Nb3 Nc4 27. Rfe1 Qd6+ 28. Qg3 Qc6 29. Qf2 a5 30. Kh1 a4 31. Nd2 Ne5 32. Qh4 Nd3 33. Re2 Rd7 34. e4 Qa6 35. Nf1 dxe4 36. Rxe4 Rxe4 37. fxe4 Nxb2 38. Rxb2 Qxf1+ 39. Kh2 Rd1 40. Rf2 Qg1+ 41. Kg3 Rd3+ 42. Kg4 Qd1+ 43. Kf4 Qc1+ 44. Kg4 Qxc3 45. Rf3 f5+ 46. Kg3 Qe1+ 0-1

[Event "Gibraltar Masters 13th"]
[Site "Caleta"]
[Date "2015.02.05"]
[Round "10"]
[White "Herman, Diego"]
[Black "Cawley, Paul F"]
[Result "1/2-1/2"]
[WhiteElo "2148"]
[BlackElo "2070"]
[PlyCount "67"]
[EventDate "2015.01.27"]
[EventType "swiss"]
[EventRounds "10"]
[EventCountry "GGB"]
[SourceTitle "CBM 165"]
[Source "ChessBase"]
[SourceDate "2015.03.11"]
[SourceVersion "1"]
[SourceVersionDate "2015.03.11"]
[SourceQuality "1"]

1. Nf3 g6 2. h4 Bg7 3. h5 d5 4. d4 Bg4 5. h6 Bf6 6. Bf4 Bxf3 7. gxf3 c5 8. e3 cxd4 9. exd4 Qb6 10. Nc3 Bxd4 11. Nxd5 Qa5+ 12. c3 Qxd5 13. Qxd4 Qxd4 14. cxd4 Nf6 15. Bb5+ Nbd7 16. Rc1 Nd5 17. Bg5 a6 18. Ba4 b5 19. Bb3 N7b6 20. Kd2 Kd7 21. Rc5 e6 22. Rhc1 Rhc8 23. a3 f6 24. Be3 Rc7 25. Kd3 Rac8 26. Ke4 Kd6 27. Ba2 g5 28. Kd3 Na4 29. Rxc7 Rxc7 30. Rxc7 Nxc7 31. b3 Nb6 32. Bb1 Nbd5 33. Bd2 Ne7 34. Bb4+ 1/2-1/2

[Event "Gibraltar Masters 13th"]
[Site "Caleta"]
[Date "2015.01.28"]
[Round "2"]
[White "Cawley, Paul F"]
[Black "Tate, Alan"]
[Result "0-1"]
[WhiteElo "2070"]
[BlackElo "2297"]
[PlyCount "60"]
[EventDate "2015.01.27"]
[EventType "swiss"]
[EventRounds "10"]
[EventCountry "GGB"]
[SourceTitle "CBM 165"]
[Source "ChessBase"]
[SourceDate "2015.03.11"]
[SourceVersion "1"]
[SourceVersionDate "2015.03.11"]
[SourceQuality "1"]

1. d4 Nf6 2. Bf4 g6 3. e3 Bg7 4. Nf3 0-0 5. h3 c5 6. Be2 Qb6 7. Nc3 cxd4 8. exd4 d6 9. Rb1 Qa5 10. 0-0 Nc6 11. Re1 e5 12. Bh2 e4 13. Nd2 d5 14. Bd6 Re8 15. Nb5 Qd8 16. Bf4 Re7 17. Nf1 Ne8 18. c3 f5 19. Qd2 Rf7 20. c4 a6 21. Nc3 Nxd4 22. Nxd5 Be6 23. Bd1 Nd6 24. Qb4 Nxc4 25. Qxc4 Qxd5 26. Qb4 Nc6 27. Qa4 Qxa2 28. Qxa2 Bxa2 29. Ra1 Be6 30. Ne3 Bxb2 0-1

[Event "Gibraltar Masters 13th"]
[Site "Caleta"]
[Date "2015.01.27"]
[Round "1"]
[White "Raznikov, Danny"]
[Black "Cawley, Paul F"]
[Result "1-0"]
[WhiteElo "2494"]
[BlackElo "2070"]
[PlyCount "63"]
[EventDate "2015.01.27"]
[EventType "swiss"]
[EventRounds "10"]
[EventCountry "GGB"]
[SourceTitle "CBM 165"]
[Source "ChessBase"]
[SourceDate "2015.03.11"]
[SourceVersion "1"]
[SourceVersionDate "2015.03.11"]
[SourceQuality "1"]

1. d4 Nf6 2. c4 e6 3. Nc3 Bb4 4. e3 b6 5. Nge2 Bb7 6. a3 Be7 7. Ng3 h5 8. h4 Bd6 9. Rh3 Bxg3 10. Rxg3 Ng4 11. Rh3 Nf6 12. Bd3 d5 13. cxd5 exd5 14. Qf3 Qe7 15. Rg3 Nc6 16. Nxd5 Nxd5 17. Qxd5 Rd8 18. Qg5 g6 19. Bd2 Qe6 20. Kf1 Ne5 21. Bb5+ c6 22. Be2 Nc4 23. Bc3 Rd5 24. Qf4 Nd6 25. e4 Nxe4 26. Re3 f5 27. Bc4 0-0 28. Kg1 Qd7 29. Rae1 b5 30. Ba2 Kh7 31. Rxe4 fxe4 32. Qxf8 1-0

[Event "BCF-chT3N 1415 (4NCL)"]
[Site "England"]
[Date "2015.01.11"]
[Round "4.193"]
[White "Cawley, Paul F"]
[Black "Robson, Paul E"]
[Result "1/2-1/2"]
[WhiteElo "2070"]
[BlackElo "1899"]
[PlyCount "81"]
[EventDate "2014.11.15"]
[EventType "team-swiss"]
[EventRounds "6"]
[EventCountry "ENG"]
[SourceTitle "EXT 2016"]
[Source "ChessBase"]
[SourceDate "2015.10.08"]
[SourceVersion "1"]
[SourceVersionDate "2015.10.08"]
[SourceQuality "1"]
[WhiteTeam "Manchester Manticores"]
[BlackTeam "North East England II"]
[WhiteTeamCountry "ENG"]
[BlackTeamCountry "ENG"]

1. d4 Nf6 2. Bf4 g6 3. e3 d6 4. h3 Bg7 5. Nf3 c5 6. Nc3 cxd4 7. exd4 0-0 8. Be2 Qb6 9. Rb1 Bd7 10. 0-0 Na6 11. Re1 e6 12. Be3 d5 13. Ne5 Rac8 14. Bg5 Nb8 15. Qd2 Bc6 16. Qf4 Nbd7 17. Nxc6 bxc6 18. Qh4 h6 19. Be3 Nh7 20. Red1 Qd8 21. Qg3 c5 22. dxc5 Nxc5 23. Bd4 Bxd4 24. Rxd4 Nf6 25. Rbd1 Qb6 26. Rh4 Kg7 27. Qe3 Rh8 28. Na4 Nxa4 29. Rxa4 Qxe3 30. fxe3 Rxc2 31. Bd3 Rxb2 32. Rxa7 Rc8 33. a4 Rc3 34. a5 Rbb3 35. Bf1 Rxe3 36. a6 Ne4 37. Rc1 Rbc3 38. Ra1 Ra3 39. Rb1 Reb3 40. Rc1 Rc3 41. Rb1 1/2-1/2

[Event "Blackpool op 38th"]
[Site "Blackpool"]
[Date "2014.03.07"]
[Round "1"]
[White "Sadler, Matthew D"]
[Black "Cawley, Paul F"]
[Result "1-0"]
[WhiteElo "2645"]
[BlackElo "2070"]
[PlyCount "39"]
[EventDate "2014.03.07"]
[EventType "swiss"]
[EventRounds "5"]
[EventCountry "ENG"]
[SourceTitle "CBM 159 Extra"]
[Source "ChessBase"]
[SourceDate "2014.04.24"]
[SourceVersion "1"]
[SourceVersionDate "2014.04.24"]
[SourceQuality "1"]

1. e4 Nc6 2. Nf3 e5 3. Bb5 Nge7 4. Nc3 g6 5. h4 h5 6. d4 exd4 7. Nd5 Nxd5 8. exd5 Qe7+ 9. Kf1 Ne5 10. Bg5 f6 11. Nxe5 Qxe5 12. Qd3 Kf7 13. Re1 Qd6 14. Rh3 Bg7 15. Rf3 a6 16. Bc4 b5 17. Bb3 Bb7 18. Bf4 Qc5 19. d6+ Bd5 20. Re7+ 1-0

[Event "Gibraltar Masters 11th"]
[Site "Caleta"]
[Date "2013.01.26"]
[Round "5"]
[White "Cawley, Paul F"]
[Black "Canonne, Antoine"]
[Result "1-0"]
[WhiteElo "2113"]
[BlackElo "2002"]
[PlyCount "99"]
[EventDate "2013.01.22"]
[EventType "swiss"]
[EventRounds "10"]
[EventCountry "GGB"]
[SourceTitle "CBM 153"]
[Source "ChessBase"]
[SourceDate "2013.03.14"]
[SourceVersion "1"]
[SourceVersionDate "2013.03.14"]
[SourceQuality "1"]

1. e4 Nc6 2. d4 e5 3. d5 Nce7 4. Nf3 Ng6 5. h4 h5 6. Bg5 f6 7. Be3 d6 8. Be2 Bg4 9. c4 N8e7 10. Nc3 Nf4 11. Bxf4 exf4 12. Nd4 Bxe2 13. Ncxe2 Ng6 14. Ne6 Qe7 15. Qb3 c5 16. 0-0-0 Kf7 17. g3 fxg3 18. Qxg3 Ne5 19. f4 Ng4 20. f5 g5 21. fxg6+ Kxg6 22. N2f4+ Kh7 23. Nxh5 Bh6+ 24. Kb1 Rhg8 25. Qf3 Rg6 26. Ng3 Ne5 27. Qf5 Kh8 28. Qh5 Qh7 29. Nf5 Nf7 30. Qf3 Ne5 31. Qb3 Bf8 32. Nxf8 Rxf8 33. Nxd6 Rb8 34. Nf5 Rg4 35. Qc2 b5 36. cxb5 Rxb5 37. Rhg1 Qg6 38. Rxg4 Qxg4 39. Ne3 Qf3 40. d6 Qxe3 41. d7 Nxd7 42. Rxd7 Qg1+ 43. Rd1 Qg6 44. a3 Rb8 45. Ka1 Rc8 46. Qf2 Rc6 47. Rg1 Qh7 48. Qf4 Rb6 49. e5 f5 50. e6 1-0

[Event "Gibraltar Challengers-B 11th"]
[Site "Caleta"]
[Date "2013.01.26"]
[Round "1"]
[White "Gravett, Alan David"]
[Black "Cawley, Paul F"]
[Result "0-1"]
[WhiteElo "1925"]
[BlackElo "2113"]
[PlyCount "40"]
[EventDate "2013.01.26"]
[EventType "swiss"]
[EventRounds "5"]
[EventCountry "GGB"]
[SourceTitle "EXT 2014"]
[Source "ChessBase"]
[SourceDate "2013.11.20"]
[SourceVersion "1"]
[SourceVersionDate "2013.11.20"]
[SourceQuality "1"]

1. g3 e5 2. Bg2 Nf6 3. Nf3 Nc6 4. d3 d5 5. 0-0 Be7 6. a4 0-0 7. Na3 h6 8. e4 dxe4 9. dxe4 Be6 10. Qxd8 Raxd8 11. Re1 a6 12. h3 Nd4 13. Nxd4 Rxd4 14. b3 Bb4 15. Bb2 Rd2 16. Red1 Rfd8 17. Rxd2 Rxd2 18. Bxe5 Bc5 19. Bxc7 Bxf2+ 20. Kf1 Bd4 0-1

[Event "Gibraltar Masters 11th"]
[Site "Caleta"]
[Date "2013.01.25"]
[Round "4"]
[White "Montero Melendez, Rafael"]
[Black "Cawley, Paul F"]
[Result "1-0"]
[WhiteElo "2316"]
[BlackElo "2113"]
[PlyCount "107"]
[EventDate "2013.01.22"]
[EventType "swiss"]
[EventRounds "10"]
[EventCountry "GGB"]
[SourceTitle "CBM 153"]
[Source "ChessBase"]
[SourceDate "2013.03.14"]
[SourceVersion "1"]
[SourceVersionDate "2013.03.14"]
[SourceQuality "1"]

1. c4 c5 2. g3 g6 3. Bg2 Bg7 4. Nc3 Nc6 5. Nf3 e5 6. 0-0 Nge7 7. Ne1 0-0 8. Nc2 d6 9. Ne3 Be6 10. Ned5 Qd7 11. Qa4 f5 12. d3 Rae8 13. e3 Kh8 14. Bd2 Ng8 15. Rab1 g5 16. f4 gxf4 17. gxf4 Nf6 18. b4 e4 19. b5 Bxd5 20. Nxd5 Nd8 21. Nxf6 Bxf6 22. dxe4 fxe4 23. Qc2 Qg7 24. Kh1 Qe7 25. Bc3 b6 26. Rbd1 Nb7 27. Rd2 Bxc3 28. Qxc3+ Qf6 29. Qc2 Qe7 30. f5 Rf6 31. Rf4 d5 32. Rxd5 Nd6 33. a4 Kg7 34. Kg1 h6 35. Kh1 Kh7 36. Bh3 Rg8 37. Rd1 Qf7 38. Bg2 Re8 39. Bxe4 Qxc4 40. Qxc4 Nxc4 41. Rd7+ Kh8 42. Rxa7 Nxe3 43. Kg1 Rg8+ 44. Kf2 Ng4+ 45. Ke2 Nxh2 46. a5 bxa5 47. b6 Rxb6 48. f6 Rb2+ 49. Kd3 Rd8+ 50. Kc3 Rbb8 51. Rh7+ Kg8 52. Rxh6 a4 53. Rxh2 a3 54. Bd5+ 1-0